000 00558nam a2200241Ia 4500
008 210210b2010 xxu||||| |||| 00| 0 eng d
020 _a9780321669995
041 _aeng
082 _a575.1 KLUE
100 _aKLUG (William S)
245 _aEssentials of genetics Ed 7
250 _a
260 _aBoston
_bBenjamin/Cummings Pub. Co.
_c2010
300 _axv-522-i-20
650 _aof
650 _agenetics
650 _aEssentials
650 _aEd
650 _a7
690 _aGenetics
700 _aCUMMINGS (Michael R)
906 _a066163
999 _c146580
_d146580